00993nam a2200229 a 450000100060000000300080000600500170001400800410003103500190007204000350009104100080012608200250013410000210015924502490018026000680042930000440049750200700054150400320061165000320064370000430067570000450071881555BD-RjUL20230809143642.0230711s2009 bg a|||| m||| 00| 0 eng d a(BD-RjUL)81555 aBD-RjULbengcBD-RjULdBD-RjUL aeng 223a632.76bDAC 2009 aDas, Dipali Rani10aCOMBINED ACTION OF ECDYSONE AND AZADIRACHTIN AGAINST THE RED FLOUR BEETLE, TRIBOLIUM CASTANEUM (HERBST) AND RICE WEEVIL, STTOPHILUS ORYZAE (L.) /cDipali Rani Das ;6Principal Supervisor : Selina Parveen, Co-Supervisor : Md. Saiful Islam Faruki aRajshahi :bDepartment of Zoology, University of Rajshahic2009 a[4],iii,[1],235 leaves :bill.;c29 cm. aThesis(Ph.D.)-- Department of Zoology,University of Rajshahi,2009 aReferences : Leaves 154-183 aRed Flour BeetlesxDiseases aParveen, Selina, Principal Supervisor  aFaruki, Md. Saiful Islam, Co-Supervisor